000 00311nam a22001337a 4500
008 170907b xxu||||| |||| 00| 0 eng d
020 _a9781412951340
041 _aeng
080 _a72
100 _a41
101 _aARK
245 _aASSET BUILDINNG COMMUNITY DEVELOPMENT
_cGREEN,G,P
942 _2udc
_cBK
999 _c26527
_d26527